Du contrat de mariage ou des régimes matrimoniaux
Saved in:
| Main Authors: | , , |
|---|---|
| Format: | Bog |
| Sprog: | fransk |
| Udgivet: |
París
Sirey
1906
|
| Udgivelse: | 3a. ed |
| Serier: | Traité Théorique et Pratique de Droit Civil, 16-17-18
|
| Fag: | |
| Tags: |
Tilføj Tag
Ingen Tags, Vær først til at tagge denne postø!
|
MARC
| LEADER | 00000nam a2200000 a 4500 | ||
|---|---|---|---|
| 001 | UCS1809 | ||
| 003 | CL-VaPUC | ||
| 008 | 970515e19060000FR |||||||||||||||||fre|d | ||
| 082 | 0 | 4 | |a 346.44 |b BAU |2 21 |
| 100 | 0 | |a Baudry-Lacantinerie, G |e author |9 386617 | |
| 700 | 0 | |a Le Courtois, J |e author |9 386618 | |
| 700 | 0 | |a Surville, F |e author |9 386619 | |
| 245 | 1 | 0 | |a Du contrat de mariage ou des régimes matrimoniaux |
| 250 | |a 3a. ed | ||
| 300 | |a 3 v | ||
| 942 | |c BK | ||
| 945 | |d 19970515 00:00:00 |a paguirre | ||
| 260 | |a París |b Sirey |c 1906 | ||
| 650 | 0 | |a Derecho civil |9 255013 | |
| 650 | 0 | |a Contrato matrimonial |9 352988 | |
| 650 | 7 | |a MATRIMONIO |2 CL-VaPUC |9 386620 | |
| 650 | 0 | |a Regímenes matrimoniales |9 357525 | |
| 651 | 0 | |a Francia |9 255157 | |
| 583 | |a last modification |c 19970515 00:00:00 |k Rodrigo Vera | ||
| 490 | 0 | |a Traité Théorique et Pratique de Droit Civil, 16-17-18 | |
| 999 | |c 259841 |d 259839 | ||
| 952 | |0 0 |1 0 |4 0 |6 346_440000000000000_BAU_1906 |7 0 |8 X |9 285325 |a BIBDER |b BIBDER |d 2019-11-19 |h v.1 |i 1853406 |o 346.44 BAU 1906 |p 1853406 |r 2023-01-25 |w 2019-11-19 |y BK_X |k DER | ||
| 952 | |0 0 |1 0 |4 0 |6 346_440000000000000_BAU_1906 |7 0 |8 X |9 285326 |a BIBDER |b BIBDER |d 2019-11-19 |h v.2 |i 1853414 |o 346.44 BAU 1906 |p 1853414 |r 2023-01-25 |w 2019-11-19 |y BK_X |k DER | ||
| 952 | |0 0 |1 0 |4 0 |6 346_440000000000000_BAU_1906 |7 0 |8 X |9 285327 |a BIBDER |b BIBDER |d 2019-11-19 |h v.3 |i 1853422 |o 346.44 BAU 1906 |p 1853422 |r 2023-01-25 |w 2019-11-19 |y BK_X |k DER | ||